| 000 | 02130 a2200253 4500 | ||
|---|---|---|---|
| 003 | NALT | ||
| 005 | 20240405085730.0 | ||
| 008 | 240315b th ||||| |||| 00| 0 tha d | ||
| 020 | _a9786164740846 | ||
| 040 | _aNALT | ||
| 050 |
_aLB 1028.3 _bส854ก 2565 |
||
| 100 | 0 |
_aสุรศักดิ์ ปาเฮ. _963409 |
|
| 245 | 1 | 0 |
_aการศึกษาออนไลน์ : ทฤษฎีและวิธีปฏิบัติ / _cสุรศักดิ์ ปาเฮ. |
| 250 | _aพิมพ์ครั้งที่ 2. | ||
| 260 |
_aลำปาง : _bคำนำ, _c2565. |
||
| 300 |
_a457 หน้า : _bภาพประกอบ, ตาราง, แผนภูมิ ; _c29 ซม. |
||
| 505 | 2 | _aภูมิหลังและบริบทของการเปลี่ยนแปลงทางการศึกษา -- กรอบมโนทัศน์พื้นฐานของการเรียนการสอนแบบออนไลน์ -- เทคโนโลยีที่เกี่ยวข้องกับการเรียนการสอนแบบออนไลน์ -- การออกแบบการสอนสำหรับการศึกษาออนไลน์ -- การพัฒนาหลักสูตรสำหรับการศึกษาออนไลน์ -- การวัดและประเมินการศึกษาออนไลน์ -- การวิจัยและพัฒนาการศึกษาออนไลน์ -- ทฤษฎี หลักจิตวิทยา และจริยธรรมของการศึกษาออนไลน์. | |
| 650 | 4 |
_aการเรียนการสอนผ่านเว็บ _919337 |
|
| 650 | 4 |
_aการเรียนการสอนแบบออนไลน์ _963408 |
|
| 650 | 4 |
_aเทคโนโลยีทางการศึกษา _928386 |
|
| 653 | 4 | _aการศึกษาออนไลน์ | |
| 942 |
_2lcc _cGB |
||
| 996 |
_ajamriang.p _bCATSTF _c2024-03-15 |
||
| 999 |
_c104698 _d104698 |
||
| 998 |
_j1524 _k นางสาวศรัณย์ภร ชำนาญป่า |
||